• 首页
  • 本馆介绍
  • 公告通知
  • 最新文献
  • 馆藏检索
  • 电子资源
  • 读者导购
  • 参考咨询
  • 我的图书馆
  • 登录
  • 详细信息显示
  • 放入我的书架
  • 预约/预借图书
  • 作者相关作品
  • 分类相关作品
  • 丛书相关作品
  • 出版社相关作品

书目信息

  • 表格格式
  • 工作单格式
  • 卡片格式
题名:
万象自往还
    
 
作者: 关鹏飞 著
分册:  
出版信息: 北京   社会科学文献出版社  2019
页数: 43,231页
开本: 23cm
丛书名:
单 册:
中图分类: I207.227.44
科图分类:
主题词: 宋诗--song shi--诗歌研究
电子资源:
ISBN: 978-7-5201-4465-0
000 01795nam0 2200265 450
001 2160534483
005 20210926145332.0
010    @a978-7-5201-4465-0@dCNY88.00
100    @a20190715d2019 em y0chiy50 ea
101 0  @achi
102    @aCN@b110000
105    @ay z 000yy
106    @ar
200 1  @a万象自往还@Awan xiang zi wang hai@e苏诗与苏学@f关鹏飞著
210    @a北京@c社会科学文献出版社@d2019
215    @a43,231页@d23cm
314    @a关鹏飞,浙江安吉人,博士,南京晓庄学院文学院讲师。出版有《探源诗经》两本,《楚辞》注评一本。
330    @a苏诗与苏学之间存在着复杂的关系。从人文艺术内部来看,苏学中作为空间艺术的画学和作为时间艺术的琴学,对苏轼的诗作、诗风和诗论都有不同的作用。前者一方面在时间层面体现出长久而阶段清晰的流变历程,是苏轼诗画论的核心,另一方面又表现出画学对诗学的反哺作用,对克服某些诗歌缺点(如以文为诗等)和推进诗歌特点的形成(如苏诗中的形象感)有较为积极的影响,但同时也对诗歌的深度表达有所局限。后者使苏轼在无力反抗音乐时间流逝的熏陶与思考中,深化与拓展其创作人格与哲理深度,并在琴诗实践中体现出诗歌与音乐共振的紧密联系。另外,苏学中的佛学特点尤其是禅学色彩,成为后人厘清苏诗的重要线索。一方面,佛学对苏诗的空静观确实有所贡献,但另一方面,这种影响体现出“兼性共生”的特点,不能一概而论。最后,从诗歌内部来看,苏轼精妙的用典呈现出独有的苏学风貌,但前人在研究中对此有所忽略,从而对苏诗中的一些用典进行批评,实际上恰恰体现出自身对苏轼思想学问与艺术思维的误解。人文艺术之外,苏学中的科学(宋代称作格物之学)因素是把双刃剑,但苏轼对此扬长补短,可对今天科学与人文的冲突有所启示。
517 1  @a苏诗与苏学@Asu shi yu su xue
600  0 @a苏轼@Asu shi@f(1036-1101)@x宋诗@x诗歌研究
606 0  @a宋诗@Asong shi@x诗歌研究
690    @aI207.227.44@v5
701  0 @a关鹏飞@Aguan peng fei@4著
801  0 @aCN@b百万庄@c20210926
905    @b1301195-98@dI207.227.44@e1392@f4
    
    万象自往还:苏诗与苏学/关鹏飞著.-北京:社会科学文献出版社,2019
    43,231页;23cm
    
    
    ISBN 978-7-5201-4465-0:CNY88.00
    苏诗与苏学之间存在着复杂的关系。从人文艺术内部来看,苏学中作为空间艺术的画学和作为时间艺术的琴学,对苏轼的诗作、诗风和诗论都有不同的作用。前者一方面在时间层面体现出长久而阶段清晰的流变历程,是苏轼诗画论的核心,另一方面又表现出画学对诗学的反哺作用,对克服某些诗歌缺点(如以文为诗等)和推进诗歌特点的形成(如苏诗中的形象感)有较为积极的影响,但同时也对诗歌的深度表达有所局限。后者使苏轼在无力反抗音乐时间流逝的熏陶与思考中,深化与拓展其创作人格与哲理深度,并在琴诗实践中体现出诗歌与音乐共振的紧密联系。另外,苏学中的佛学特点尤其是禅学色彩,成为后人厘清苏诗的重要线索。一方面,佛学对苏诗的空静观确实有所贡献,但另一方面,这种影响体现出“兼性共生”的特点,不能一概而论。最后,从诗歌内部来看,苏轼精妙的用典呈现出独有的苏学风貌,但前人在研究中对此有所忽略,从而对苏诗中的一些用典进行批评,实际上恰恰体现出自身对苏轼思想学问与艺术思维的误解。人文艺术之外,苏学中的科学(宋代称作格物之学)因素是把双刃剑,但苏轼对此扬长补短,可对今天科学与人文的冲突有所启示。
●
相关链接 在E读中查询图书 在五车中查询图书 在当当中查询图书 在豆瓣中查询图书


正题名:万象自往还     索取号:I207.227.44/1392         预约/预借

序号 登录号 条形码 馆藏地/架位号 状态 备注
1 1301195   213011952   第一样本阅览室/ [索取号:I207.227.44/1392] 在馆    
2 1301196   213011961   第二借阅区/ [索取号:I207.227.44/1392] 在馆    
3 1301197   213011970   第二借阅区/ [索取号:I207.227.44/1392] 在馆    
4 1301198   213011989   第二借阅区/ [索取号:I207.227.44/1392] 在馆    
唐山师范学院图书馆 欢迎您!
大连网信软件有限公司© 版权所有